Kỹ thuật sơn

Sách giới thiệu những khái niệm cơ bản về công nghiệp sơn: phương pháp chế tạo các loại sơn; tính năng, công dụng, thành phần, quy cách các loại sơn, đặc biệt là sơn mỹ thuật. Ngoài ra, sách còn trình bày về phương pháp làm các bản in lươ...

Cijeli opis

Spremljeno u:
Bibliografski detalji
Glavni autor: Nguyễn Văn Lộc
Format: Knjiga
Jezik:Undetermined
Izdano: Hà Nội Giáo Dục 1999
Oznake: Dodaj oznaku
Bez oznaka, Budi prvi tko označuje ovaj zapis!
Thư viện lưu trữ: Trung tâm Học liệu Trường Đại học Cần Thơ
LEADER 00995nam a2200169Ia 4500
001 CTU_37817
008 210402s9999 xx 000 0 und d
082 |a 667.6 
082 |b L451 
100 |a Nguyễn Văn Lộc 
245 0 |a Kỹ thuật sơn 
245 0 |c Nguyễn Văn Lộc 
260 |a Hà Nội 
260 |b Giáo Dục 
260 |c 1999 
520 |a Sách giới thiệu những khái niệm cơ bản về công nghiệp sơn: phương pháp chế tạo các loại sơn; tính năng, công dụng, thành phần, quy cách các loại sơn, đặc biệt là sơn mỹ thuật. Ngoài ra, sách còn trình bày về phương pháp làm các bản in lưới, in chữ, trang trí các loại hoa văn, bản vẽ bằng sơn; đồng thời giới thiệu về phương pháp gia công sơn tiến tiến hiện nay 
980 |a Trung tâm Học liệu Trường Đại học Cần Thơ